• 首页
  • 本馆介绍
  • 公告通知
  • 最新文献
  • 馆藏检索
  • 电子资源
  • 读者导购
  • 参考咨询
  • 我的图书馆
  • 登录
  • 详细信息显示
  • 放入我的书架
  • 预约/预借图书
  • 作者相关作品
  • 分类相关作品
  • 丛书相关作品
  • 出版社相关作品

书目信息

  • 表格格式
  • 工作单格式
  • 卡片格式
题名:
现代性的第六张面孔
    
 
作者: 顾铮 著
分册:  
出版信息: 上海   上海人民出版社  2007
页数: 285页
开本: 23cm
丛书名: “热风”学术
单 册:
中图分类: J40
科图分类:
主题词: 视觉--文化--研究--文集 , 摄影艺术--艺术理论
电子资源:
ISBN: 978-7-208-06804-9
000 00988oam2 2200289 450
001 1232803468
005 20121019090719.10
010    @a978-7-208-06804-9@dCNY30.00
100    @a20111117d2007 em y0chiy0110 ea
101 0  @achi
102    @aCN@b310000
105    @aa z 000yy
200 1  @a现代性的第六张面孔@Axian dai xing de di liu zhang mian kong@dThe sixth face of modernity@e当代视觉文化研究@f顾铮著@zeng
210    @a上海@c上海人民出版社@d2007
215    @a285页@c图@d23cm
225 0  @a“热风”学术
308    @a学术第一辑
330    @a本书介绍了当代中国的摄影实践;现代性;先锋艺术与视觉文化理论;记忆、身体、意识形态与战争;反思当代视觉文化。
461  0 @12001 @a“热风”学术
510 1  @aSixth face of modernity@zeng
517 1  @a当代视觉文化研究@Adang dai shi jue wen hua yan jiu
606 0  @a视觉@x文化@x研究@j文集
606 0  @a摄影艺术@x艺术理论
690    @aJ40@v4
701  0 @a顾铮@Agu zheng@4著
801  0 @aCN@bNLC@c20111117
905    @a10447@dJ40@eJY56
    
    现代性的第六张面孔=The sixth face of modernity:当代视觉文化研究/顾铮著.-上海:上海人民出版社,2007
    285页:图;23cm.-(“热风”学术)
    
    
    ISBN 978-7-208-06804-9:CNY30.00
    本书介绍了当代中国的摄影实践;现代性;先锋艺术与视觉文化理论;记忆、身体、意识形态与战争;反思当代视觉文化。
●
相关链接 在E读中查询图书 在五车中查询图书 在当当中查询图书 在豆瓣中查询图书


正题名:现代性的第六张面孔     索取号:J40/JY56         预约/预借

序号 登录号 条形码 馆藏地/架位号 状态 备注
1 7832804   278328043   学院路分馆/ [索取号:J40/JY56] 在馆    
2 7832805   278328052   学院路分馆/ [索取号:J40/JY56] 在馆    
唐山师范学院图书馆 欢迎您!
大连网信软件有限公司© 版权所有